000 00456nam a2200181Ia 4500
008 240925s9999 xx 000 0 und d
020 _a9780070583894
082 _a621.317 SIN
100 _aSingh , M.D
245 0 _aPower Electronics
250 _a2nd
260 _aNew Delhi:
_bTata McGraw Hill
_c,2008.
300 _axvi,624p.
_bna
_fPirated
500 _aIncludes Index
600 _aElectronic Engineering
650 _aTechnology
942 _cBK
999 _c10102
_d10102